| 000 | 00399nam a2200121Ia 4500 | ||
|---|---|---|---|
| 008 | 220901s9999||||xx |||||||||||||| ||und|| | ||
| 082 | _a621.381 RES | ||
| 100 | _aResearch India Publication | ||
| 245 | 0 | _aInternational Journal of electronics engineering research | |
| 250 | _aVol. 2 Issue No. 3-4 | ||
| 260 |
_bResearch India Publication _c2010 |
||
| 650 | _aElectronics and communication engineering | ||
| 999 |
_c193613 _d193613 |
||